[Event "9th Sunway Sitges 2022"]
[Site "Sitges ESP"]
[Date "2022.12.20"]
[Round "8.108"]
[White "Arvind Ramnath Iyer"]
[Black "Villar Reymundo, Juan Antonio"]
[Result "0-1"]
[WhiteElo "1834"]
[BlackElo "2135"]
[WhiteFideId "5062160"]
[BlackFideId "3802744"]
[EventDate "2022.12.12"]

1. e4 Nf6 2. e5 Nd5 3. d4 d6 4. Nf3 g6 5. Bc4 Nb6 6. Bb3 Bg7 7. e6 Bxe6 8. Bxe6
fxe6 9. Ng5 Qd7 10. Qf3 Bf6 11. Qxb7 Bxg5 12. Bxg5 Nc6 13. Nc3 O-O 14. Be3 Nb4
15. O-O d5 16. a3 Rfb8 17. Qxb8+ Rxb8 18. axb4 Nc4 19. Rxa7 Nxe3 20. fxe3 Rxb4
21. Ra8+ Kg7 22. Raf8 g5 23. R1f7+ Kg6 24. Rf3 h6 25. Rg8+ Kh7 26. Rff8 e5 27.
Rh8+ Kg6 28. h3 Qe6 29. g4 exd4 30. exd4 Rxd4 31. Ne2 Rd1+ 32. Kf2 Rd2 0-1

[Event "9th Sunway Sitges 2022"]
[Site "Sitges ESP"]
[Date "2022.12.20"]
[Round "8.109"]
[White "Mahitosh, Dey"]
[Black "Karadzhov, Ivan"]
[Result "1/2-1/2"]
[WhiteTitle "FM"]
[WhiteElo "2134"]
[BlackElo "2024"]
[WhiteFideId "25091468"]
[BlackFideId "2922568"]
[EventDate "2022.12.12"]

1. d4 d5 2. Nf3 Nf6 3. c3 c5 4. dxc5 e6 5. Be3 a5 6. Nbd2 Nc6 7. Bd4 Nd7 8. e4
Nxc5 9. exd5 exd5 10. Bb5 Bd7 11. Be3 Ne6 12. O-O Be7 13. a4 Na7 14. Bd3 Bf6 15.
Nb3 O-O 16. Bc2 Bc6 17. Nbd4 g6 18. b4 axb4 19. cxb4 Be8 20. b5 Nc8 21. Bh6 Bg7
22. Bxg7 Kxg7 23. Re1 Qf6 24. Bb3 Nb6 25. Nxe6+ fxe6 26. Qd4 Nc8 27. Rxe6 Qxd4
28. Nxd4 Bf7 29. Re3 Nd6 30. f3 Kf6 31. Rae1 Rfe8 32. Rxe8 Rxe8 33. Rxe8 Nxe8
34. f4 Ke7 35. Nf3 Kd6 36. Kf2 Kc5 37. Bc2 Kb4 38. g4 Nd6 39. f5 Kc3 40. Bb1
gxf5 41. Bxf5 h6 42. Ne5 Bg8 43. Kg3 d4 44. Kf4 b6 45. h4 Bb3 46. Bd3 Bxa4 47.
g5 hxg5+ 48. hxg5 Nf7 49. Nxf7 Kxd3 50. g6 Bb3 51. Ne5+ Kc3 52. Nd7 d3 53. g7
Bf7 54. Nf6 d2 1/2-1/2

[Event "9th Sunway Sitges 2022"]
[Site "Sitges ESP"]
[Date "2022.12.20"]
[Round "8.110"]
[White "Barkasheva, Sofia"]
[Black "Koehler, Ronald"]
[Result "1/2-1/2"]
[WhiteElo "1588"]
[BlackElo "2118"]
[WhiteFideId "4510615"]
[BlackFideId "4623673"]
[EventDate "2022.12.12"]

1. e4 c5 2. Nf3 Nc6 3. d4 cxd4 4. Nxd4 Nf6 5. Nc3 e5 6. Ndb5 d6 7. Bg5 a6 8. Na3
b5 9. Nd5 Be7 10. Bxf6 Bxf6 11. c3 Bg5 12. h4 Bh6 13. Nc2 Ne7 14. a4 bxa4 15.
Ncb4 Bd7 16. Bxa6 O-O 17. Bb7 Rb8 18. Ba6 Kh8 19. Qe2 f5 20. Nxe7 Qxe7 21. exf5
Rxf5 22. g4 Rxb4 23. gxf5 Rf4 24. Bb5 Qe8 25. Bxd7 Qxd7 26. Qa6 Kg8 27. Qa8+ Kf7
28. Qd5+ Kf6 29. Rd1 Ke7 30. c4 Rxf5 31. c5 Rf6 32. cxd6+ Rxd6 33. Qxd6+ Qxd6
34. Rxd6 Kxd6 35. Ke2 Kc5 36. Ra1 Kb4 1/2-1/2

[Event "9th Sunway Sitges 2022"]
[Site "Sitges ESP"]
[Date "2022.12.20"]
[Round "8.111"]
[White "Ismail, Tamer"]
[Black "Saveljevs, Aleksandrs"]
[Result "0-1"]
[WhiteElo "2112"]
[BlackElo "1974"]
[WhiteFideId "2909332"]
[BlackFideId "11601779"]
[EventDate "2022.12.12"]

1. c4 c5 2. Nc3 g6 3. g3 Bg7 4. Bg2 Nc6 5. Nf3 d6 6. O-O e5 7. a3 a5 8. Nd5 Nge7
9. d3 Nxd5 10. cxd5 Ne7 11. Nd2 a4 12. Rb1 b5 13. b4 axb3 14. Qxb3 Rb8 15. Ne4
O-O 16. Nc3 Bd7 17. Ne4 Nf5 18. Qa2 Qc7 19. Bg5 h6 20. Bf6 Bxf6 21. Nxf6+ Kg7
22. Nxd7 Qxd7 23. Bh3 Qa7 24. Bxf5 gxf5 25. Qc2 Qa4 26. Qc3 Qd4 27. Qb3 Qa4 28.
f4 Qd4+ 29. Kh1 c4 30. dxc4 bxc4 31. Qf3 e4 32. Qh5 Rxb1 33. Rxb1 c3 34. Qxf5 c2
35. Qg4+ Kh8 36. Rf1 Qd1 37. Qh3 Kh7 38. Qf5+ Kg7 39. Qg4+ Kh8 40. Qh3 Qxf1+ 41.
Qxf1 Rb8 42. Qa1+ Kg8 43. Kg2 Rb1 44. Qf6 c1=Q 0-1

[Event "9th Sunway Sitges 2022"]
[Site "Sitges ESP"]
[Date "2022.12.21"]
[Round "9.1"]
[White "Yu, Yangyi"]
[Black "Alekseenko, Kirill"]
[Result "1/2-1/2"]
[WhiteTitle "GM"]
[BlackTitle "GM"]
[WhiteElo "2728"]
[BlackElo "2672"]
[WhiteFideId "8603820"]
[BlackFideId "4135539"]
[EventDate "2022.12.12"]

1. d4 Nf6 2. c4 e6 3. Nf3 d5 4. Nc3 Nbd7 5. Qc2 dxc4 6. e4 c5 7. dxc5 Bxc5 8.
Bxc4 a6 9. Bb3 Qc7 10. Qe2 Bd6 11. O-O O-O 12. Bg5 b5 13. Rac1 Qb8 14. Bxf6 gxf6
15. Rcd1 Kh8 16. Bc2 Ne5 17. Nxe5 fxe5 18. Rd3 Bc5 19. Qf3 f5 20. exf5 exf5 21.
Qc6 Qa7 22. Rd8 Rxd8 23. Qf6+ Qg7 24. Qxd8+ Bf8 25. g3 Bb7 26. Qb6 b4 27. Na4 e4
28. Nc5 Bxc5 29. Qxc5 Rc8 30. Qb6 Rxc2 1/2-1/2

[Event "9th Sunway Sitges 2022"]
[Site "Sitges ESP"]
[Date "2022.12.21"]
[Round "9.2"]
[White "Gokerkan, Cem Kaan"]
[Black "Niemann, Hans Moke"]
[Result "0-1"]
[WhiteTitle "IM"]
[BlackTitle "GM"]
[WhiteElo "2470"]
[BlackElo "2698"]
[WhiteFideId "6336760"]
[BlackFideId "2093596"]
[EventDate "2022.12.12"]

1. e4 c6 2. d4 d5 3. Nd2 dxe4 4. Nxe4 Nf6 5. Ng3 h5 6. Bc4 h4 7. N3e2 Bf5 8. h3
Be4 9. Nf3 e6 10. Be3 Qa5+ 11. c3 Nbd7 12. Bd3 Bxf3 13. gxf3 g6 14. Rg1 Bh6 15.
Qd2 Bxe3 16. fxe3 e5 17. f4 exd4 18. exd4 O-O-O 19. Rg5 Qc7 20. O-O-O Rde8 21.
f5 Nh7 22. Rg2 g5 23. Ng1 f6 24. Bc4 Nb6 25. Be6+ Kb8 26. Nf3 Nf8 27. Bb3 Nd5
28. Bxd5 cxd5 29. Nh2 Nd7 30. Ng4 Re4 31. Re2 Rhe8 32. Rde1 Rxe2 33. Rxe2 Rxe2
34. Qxe2 Qf4+ 35. Ne3 Nb6 36. Kd1 Qe4 37. Kd2 a6 38. Qh2+ Ka7 39. Qd6 Qxe3+ 0-1

[Event "9th Sunway Sitges 2022"]
[Site "Sitges ESP"]
[Date "2022.12.21"]
[Round "9.3"]
[White "Petrosyan, Manuel"]
[Black "Tabatabaei, M. Amin"]
[Result "1/2-1/2"]
[WhiteTitle "GM"]
[BlackTitle "GM"]
[WhiteElo "2621"]
[BlackElo "2660"]
[WhiteFideId "13300857"]
[BlackFideId "12521213"]
[EventDate "2022.12.12"]

1. d4 d5 2. c4 e6 3. Nf3 Nf6 4. Nc3 c5 5. cxd5 cxd4 6. Qxd4 exd5 7. e4 dxe4 8.
Qxd8+ Kxd8 9. Ng5 Be6 10. a3 Nbd7 11. Bf4 h6 12. Nxe6+ fxe6 13. Rd1 Ke7 14. Bd6+
Kf7 15. Bxf8 Rhxf8 16. Nxe4 Ke7 17. Bb5 Rad8 18. Nxf6 Nxf6 19. Ke2 Rxd1 20. Rxd1
Rc8 21. Bd3 e5 22. Bf5 Rc5 23. f3 b6 24. g3 Rc7 25. Rd2 Rc1 26. Rc2 Rxc2+ 27.
Bxc2 Ne8 28. Bb3 Nd6 29. Ke3 Kf6 30. Bd5 Nf5+ 1/2-1/2

[Event "9th Sunway Sitges 2022"]
[Site "Sitges ESP"]
[Date "2022.12.21"]
[Round "9.4"]
[White "Aravindh, Chithambaram VR."]
[Black "Cheparinov, Ivan"]
[Result "1/2-1/2"]
[WhiteTitle "GM"]
[BlackTitle "GM"]
[WhiteElo "2607"]
[BlackElo "2688"]
[WhiteFideId "5072786"]
[BlackFideId "2905540"]
[EventDate "2022.12.12"]

1. d4 Nf6 2. Nf3 g6 3. g3 Bg7 4. Bg2 O-O 5. O-O d5 6. c3 Nbd7 7. a4 a5 8. Bf4 c6
9. Qc1 Re8 10. Re1 Ne4 11. Nbd2 Nxd2 12. Qxd2 Nf6 13. Qc1 Bf5 14. Be5 Qb6 15.
Nd2 Bh6 16. Ra3 Ng4 17. Bf4 Bxf4 18. gxf4 Qc7 19. Nf1 Nf6 20. Ng3 Be6 21. f3 c5
22. e4 dxe4 23. fxe4 cxd4 24. f5 gxf5 25. e5 Ng4 26. cxd4 Qxc1 27. Rxc1 Rac8 28.
Rac3 Rxc3 29. Rxc3 Rc8 30. Bxb7 Rxc3 31. bxc3 Ne3 32. Bc6 Bb3 33. Nf1 Nd1 34.
Nd2 Bc2 35. d5 Nxc3 36. d6 exd6 37. exd6 Kf8 38. Nc4 Bxa4 39. Nxa5 Bxc6 40. Nxc6
Ke8 41. Nd4 Kd7 42. Nxf5 Ne4 43. Kg2 Nxd6 44. Nd4 Ke7 45. Kf3 Kf6 46. Kf4 Ne8
47. Nf3 Ng7 48. h4 h5 49. Nd2 Nf5 50. Ne4+ Kg6 51. Ng5 Ng7 52. Ne4 Ne6+ 53. Ke5
Nf8 54. Ng3 Nd7+ 55. Kf4 Nf6 56. Nf5 Nd5+ 57. Ke5 f6+ 58. Ke4 Nc7 59. Ng3 Ne8
60. Nf5 Ng7 61. Ng3 Kf7 62. Kf4 Ke6 63. Ne4 1/2-1/2

[Event "9th Sunway Sitges 2022"]
[Site "Sitges ESP"]
[Date "2022.12.21"]
[Round "9.5"]
[White "Dardha, Daniel"]
[Black "Moussard, Jules"]
[Result "1/2-1/2"]
[WhiteTitle "GM"]
[BlackTitle "GM"]
[WhiteElo "2606"]
[BlackElo "2684"]
[WhiteFideId "240990"]
[BlackFideId "642908"]
[EventDate "2022.12.12"]

1. e4 c5 2. Nc3 d6 3. Nge2 Nf6 4. g3 g6 5. Bg2 Bg7 6. d4 cxd4 7. Nxd4 O-O 8. O-O
Bd7 9. h3 Nc6 10. Be3 Nxd4 11. Bxd4 Bc6 12. Qd3 a6 13. Nd5 Nd7 14. Bxg7 Kxg7 15.
c4 Nc5 16. Qd2 e5 17. Rfd1 Ne6 18. Nc3 Qf6 19. Qxd6 Rad8 20. Qa3 Nd4 21. Rac1
Nf3+ 22. Kh1 Nd4 23. Rf1 Qe6 24. Nd5 f5 25. exf5 Rxf5 26. Qe7+ Qxe7 27. Nxe7
Bxg2+ 28. Kxg2 Rf7 29. Nd5 b5 30. Ne3 bxc4 31. Nxc4 Kf6 32. Rfe1 Re7 33. Ne3 e4
34. Rc4 h5 35. Rd1 Red7 36. Ra4 Rd6 37. h4 Kg7 38. Nc4 Re6 39. Na5 Nc6 40. Rxd8
Nxd8 41. Rd4 Nf7 42. Nc4 Kf6 43. b4 Nh6 44. Rd6 Nf5 45. Rxe6+ Kxe6 46. Ne3 Nd4
47. a4 Kd6 48. Kf1 Nc6 49. Ng2 Nxb4 50. Nf4 Nd5 51. Nxg6 Nb6 52. a5 Nc4 53. g4
Ke6 54. gxh5 Kf6 55. Nf4 Kg7 56. Nd5 Kh6 57. Kg2 Nxa5 58. Nf6 Nc4 59. Nxe4 a5 1/2-1/2

[Event "9th Sunway Sitges 2022"]
[Site "Sitges ESP"]
[Date "2022.12.21"]
[Round "9.6"]
[White "Esipenko, Andrey"]
[Black "Alsina Leal, Daniel"]
[Result "1/2-1/2"]
[WhiteTitle "GM"]
[BlackTitle "GM"]
[WhiteElo "2678"]
[BlackElo "2527"]
[WhiteFideId "24175439"]
[BlackFideId "2252627"]
[EventDate "2022.12.12"]

1. e4 c5 2. Nf3 Nc6 3. Bb5 g6 4. Bxc6 bxc6 5. d4 Bg7 6. dxc5 Qa5+ 7. Nbd2 Qxc5
8. O-O Nf6 9. Nb3 Qd6 10. e5 Qxd1 11. Rxd1 Nd5 12. c4 Nc7 13. Nc5 Ne6 14. Ne4 c5
15. Bd2 Bb7 16. Re1 O-O 17. Bc3 h6 18. Rad1 Bc6 19. h4 a5 20. Nh2 a4 21. Nf1
Rfb8 22. h5 Rb7 23. f3 Rab8 24. Rd2 Kh7 25. Nfg3 Bh8 26. hxg6+ fxg6 27. Nh1 Bg7
28. Nhf2 h5 29. Nd3 Bh6 30. Rdd1 Bxe4 31. Rxe4 Bg7 32. Be1 Ng5 33. Re2 Ne6 34.
Bf2 Rc8 35. Kh2 Bh6 36. Kh1 Nf4 37. Nxf4 Bxf4 38. g3 Bh6 39. f4 g5 40. f5 g4 41.
Kg2 Bg5 42. Rh1 Kh6 43. Be1 Rf8 44. Rf1 d6 45. exd6 1/2-1/2

[Event "9th Sunway Sitges 2022"]
[Site "Sitges ESP"]
[Date "2022.12.21"]
[Round "9.7"]
[White "Korobov, Anton"]
[Black "Aditya, Mittal"]
[Result "1/2-1/2"]
[WhiteTitle "GM"]
[BlackTitle "IM"]
[WhiteElo "2662"]
[BlackElo "2479"]
[WhiteFideId "14105730"]
[BlackFideId "35042025"]
[EventDate "2022.12.12"]

1. e4 e5 2. Nf3 Nc6 3. Bc4 Nf6 4. d3 Bc5 5. O-O O-O 6. c3 d5 7. exd5 Nxd5 8. a4
Bf5 9. a5 a6 10. Nbd2 b5 11. axb6 Nxb6 12. Nb3 Be7 13. Na5 Nxa5 14. Rxa5 c5 15.
Ba2 Bxd3 16. Re1 Bb5 17. Qxd8 Bxd8 18. Ra3 Bc7 19. Be3 Bd6 20. Nd2 Rfc8 21. Ne4
Bf8 22. Ra5 Rab8 23. f4 exf4 24. Bxf4 Rb7 25. Nd6 Bxd6 26. Bxd6 h6 27. Re7 Rxe7
28. Bxe7 c4 29. Kf2 Na4 30. Ba3 Nc5 31. Bxc5 Rxc5 32. Bb1 Rd5 33. Ke3 Re5+ 34.
Kf2 Rd5 35. Ke3 f5 36. Bc2 g5 37. g3 Kg7 38. Ra1 Kf6 39. Rd1 Rxd1 40. Bxd1 Ke5
41. Bf3 f4+ 42. gxf4+ gxf4+ 43. Kf2 Bd7 44. Bb7 a5 45. Bf3 Bf5 46. Be2 Bd3 47.
Bf3 Be4 48. Be2 Bd5 49. Bd1 Kf6 50. Bg4 Ke5 51. Bd1 Kf5 52. Ba4 Kf6 53. Bd1 Kg5
54. Ba4 Kf5 55. Bc2+ Kg4 56. Ba4 Kh3 57. Kg1 Kg4 58. Kf2 f3 59. Bd7+ Kf4 60. Ba4
h5 61. Be8 1/2-1/2

[Event "9th Sunway Sitges 2022"]
[Site "Sitges ESP"]
[Date "2022.12.21"]
[Round "9.8"]
[White "Demchenko, Anton"]
[Black "Sankalp, Gupta"]
[Result "1/2-1/2"]
[WhiteTitle "GM"]
[BlackTitle "GM"]
[WhiteElo "2632"]
[BlackElo "2485"]
[WhiteFideId "4160258"]
[BlackFideId "5097010"]
[EventDate "2022.12.12"]

1. e4 c6 2. d4 d5 3. Nc3 dxe4 4. Nxe4 Nf6 5. Nxf6+ exf6 6. c3 Bd6 7. Bd3 O-O 8.
Ne2 Re8 9. O-O Nd7 10. Ng3 Qc7 11. Kh1 Nf8 12. Qf3 Ng6 13. Nf5 Be6 14. Nxd6 Qxd6
15. Qg3 Qd7 16. Be3 Bf5 17. Rad1 h5 18. h3 Bxd3 19. Rxd3 h4 20. Qh2 Qd5 21. b3
b5 22. Rc1 f5 23. Rdd1 Qe4 24. Bd2 f4 25. Qg1 Qf5 26. Qf1 Re7 27. c4 bxc4 28.
bxc4 Rae8 29. f3 Re2 30. Re1 Qd3 31. Rxe2 Rxe2 32. Bb4 Qe3 33. Re1 Rxe1 34. Qxe1
Qd3 35. Bc5 Qxc4 36. Qe8+ Kh7 37. Qxc6 Qxa2 38. Qb7 a5 39. d5 Qc4 40. Bd6 f6 41.
Qc6 Qd3 42. Kh2 a4 43. Qxa4 Qxd5 1/2-1/2

[Event "9th Sunway Sitges 2022"]
[Site "Sitges ESP"]
[Date "2022.12.21"]
[Round "9.9"]
[White "Tin, Jingyao"]
[Black "Jones, Gawain C B"]
[Result "1-0"]
[WhiteTitle "GM"]
[BlackTitle "GM"]
[WhiteElo "2562"]
[BlackElo "2630"]
[WhiteFideId "5804418"]
[BlackFideId "409561"]
[EventDate "2022.12.12"]

1. d4 Nf6 2. c4 g6 3. Nc3 Bg7 4. e4 d6 5. Nf3 O-O 6. Be2 e5 7. O-O Nc6 8. d5 Ne7
9. Nd2 a5 10. a3 Nd7 11. Rb1 f5 12. b4 Kh8 13. f3 b6 14. Qc2 Bh6 15. Nb5 Ng8 16.
c5 bxc5 17. bxc5 Nxc5 18. f4 exf4 19. Bb2+ Bg7 20. Bxg7+ Kxg7 21. e5 Qe7 22. Nf3
dxe5 23. Rfc1 Na6 24. Nxc7 Nxc7 25. Qxc7 Ra7 26. Qxe7+ Rxe7 27. d6 Rd7 28. Rb8
Rxd6 29. Rcxc8 Rxc8 30. Rxc8 e4 31. Ng5 h6 32. Rc7+ Kf6 33. Nh7+ Ke5 34. Ra7 h5
35. Rxa5+ Kd4 36. Ra6 Rxa6 37. Bxa6 Ne7 38. a4 h4 39. Ng5 Ke3 40. Bb7 Kd4 41. a5
Kc5 42. Ne6+ Kb5 43. a6 Kb6 44. Nxf4 g5 45. Ne6 Ng6 46. Nxg5 Nf4 47. Nf7 e3 48.
Nd6 h3 49. Nc4+ Ka7 50. Nxe3 1-0

[Event "9th Sunway Sitges 2022"]
[Site "Sitges ESP"]
[Date "2022.12.21"]
[Round "9.10"]
[White "Bernadskiy, Vitaliy"]
[Black "Woodward, Andy"]
[Result "1-0"]
[WhiteTitle "GM"]
[BlackTitle "IM"]
[WhiteElo "2617"]
[BlackElo "2457"]
[WhiteFideId "14100371"]
[BlackFideId "30953499"]
[EventDate "2022.12.12"]

1. d4 Nf6 2. Bg5 c5 3. d5 d6 4. Nc3 b5 5. Nxb5 Ne4 6. Bd2 g6 7. c3 Nxd2 8. Qxd2
Bg7 9. e4 O-O 10. Nf3 Nd7 11. Bd3 Nb6 12. O-O e6 13. dxe6 Bxe6 14. Rfe1 Rb8 15.
Bf1 d5 16. Nxa7 Qd7 17. Nb5 Rfd8 18. exd5 Bxd5 19. Qf4 c4 20. Na3 Na4 21. Nxc4
Nxb2 22. Nce5 Qa7 23. a4 Rbc8 24. a5 Qc7 25. a6 Bxf3 26. gxf3 Qa7 27. Rab1 Bxe5
28. Qxe5 Nd3 29. Bxd3 Rxd3 30. Qf6 Rd7 31. Re3 h5 32. Rbe1 Rf8 33. Re8 Qc5 34.
R1e7 Qd5 35. Rxf8+ Kxf8 36. Re1 1-0

[Event "9th Sunway Sitges 2022"]
[Site "Sitges ESP"]
[Date "2022.12.21"]
[Round "9.11"]
[White "Puranik, Abhimanyu"]
[Black "Willow, Jonah B"]
[Result "1/2-1/2"]
[WhiteTitle "GM"]
[BlackTitle "IM"]
[WhiteElo "2616"]
[BlackElo "2409"]
[WhiteFideId "5061245"]
[BlackFideId "438804"]
[EventDate "2022.??.??"]

1. e4 e5 2. Nf3 Nc6 3. Bb5 a6 4. Ba4 d6 5. O-O Bg4 6. h3 h5 7. d4 b5 8. Bb3 Nxd4
9. hxg4 Nxb3 10. axb3 hxg4 11. Ng5 Qd7 12. c4 Rb8 13. cxb5 axb5 14. Ra7 Ne7 15.
f4 Nc6 16. fxe5 Nxa7 17. Rxf7 Qc6 18. Be3 dxe5 19. Nc3 Bc5 20. Qe1 Rd8 21. Qg3
Bxe3+ 22. Qxe3 Nc8 23. Nd5 Rxd5 24. exd5 Qxd5 25. Rxg7 Nd6 26. Nh7 Ne4 27. Qh6
Qd1+ 28. Kh2 g3+ 29. Rxg3 Nxg3 30. Qe6+ Kd8 31. Qf6+ Kd7 32. Qxh8 Nf1+ 33. Kg1
Nd2+ 34. Kh2 Nf1+ 35. Kg1 Nd2+ 36. Kh2 Nf1+ 1/2-1/2

[Event "9th Sunway Sitges 2022"]
[Site "Sitges ESP"]
[Date "2022.12.21"]
[Round "9.12"]
[White "Arjun, Kalyan"]
[Black "Durarbayli, Vasif"]
[Result "0-1"]
[WhiteTitle "GM"]
[BlackTitle "GM"]
[WhiteElo "2505"]
[BlackElo "2612"]
[WhiteFideId "35018701"]
[BlackFideId "13402935"]
[EventDate "2022.??.??"]

1. e4 e5 2. Nf3 Nc6 3. Bc4 Nf6 4. d3 Bc5 5. c3 d6 6. O-O a6 7. a4 Ba7 8. Re1 O-O
9. h3 h6 10. Nbd2 Re8 11. b4 Ne7 12. Qb3 Rf8 13. d4 Ng6 14. b5 Nh5 15. bxa6 bxa6
16. dxe5 Nxe5 17. Nxe5 dxe5 18. Nf1 Qh4 19. Be3 Nf4 20. Ng3 Qg5 21. Kh2 h5 22.
Rg1 g6 23. Qc2 Qh4 24. Bf1 Bxe3 25. fxe3 Ne6 26. Nh1 Nc5 27. Nf2 Be6 28. g4 Rad8
29. gxh5 Qxh5 30. c4 Rd6 31. Rd1 Rfd8 32. Rxd6 Rxd6 33. Be2 Qh4 34. Bg4 Qd8 35.
Rd1 Bxg4 36. Rxd6 cxd6 37. hxg4 Kf8 38. Qd1 Qc7 39. Kg2 Ke7 40. Nd3 Nxe4 41. Qc2
Qb7 42. Kh2 a5 43. Qg2 Nc5 44. Qxb7+ Nxb7 45. Kg3 Kd7 46. Kh4 Kc6 47. Kg5 Nc5
48. Nb2 Ne4+ 49. Kh6 Kc5 50. Kg7 f5 51. g5 Nxg5 52. Kxg6 Ne4 53. Kxf5 Nf2 54.
Ke6 e4 55. Ke7 d5 56. cxd5 Kxd5 57. Kf7 Ng4 58. Nd1 Kc4 59. Ke6 Kd3 60. Nb2+ Kc3
61. Nd1+ Kc2 62. Kf5 Kxd1 63. Kxe4 Kd2 64. Kd5 Nxe3+ 65. Kd4 Nc2+ 66. Kc4 Na1
67. Kd4 Kc2 68. Kc5 Kc3 0-1

[Event "9th Sunway Sitges 2022"]
[Site "Sitges ESP"]
[Date "2022.12.21"]
[Round "9.13"]
[White "Jubin, Jimmy"]
[Black "Adhiban, Baskaran"]
[Result "0-1"]
[WhiteTitle "FM"]
[BlackTitle "GM"]
[WhiteElo "2376"]
[BlackElo "2611"]
[WhiteFideId "46686614"]
[BlackFideId "5018471"]
[EventDate "2022.??.??"]

1. d4 d5 2. c4 e6 3. Nf3 Nf6 4. g3 Bb4+ 5. Nbd2 dxc4 6. Bg2 b5 7. O-O O-O 8. a4
c6 9. Qc2 a5 10. b3 cxb3 11. Nxb3 bxa4 12. Rxa4 Ba6 13. Rd1 Nbd7 14. Ra2 Qb6 15.
e4 h6 16. Be3 Ng4 17. Bf4 c5 18. Bh3 Ngf6 19. d5 exd5 20. e5 Rfe8 21. exf6 Nxf6
22. Bf1 Bxf1 23. Rxf1 Ne4 24. Bd2 c4 25. Nc1 Bc5 26. Be1 Nd6 27. Ne2 d4 28. Nf4
d3 29. Qa4 Qb7 30. Nd2 Bb4 31. Qd1 Rad8 32. Nb1 Ne4 33. Qf3 Qc8 34. Rxa5 d2 35.
Nxd2 Bxd2 36. Rd5 Ng5 37. Qd1 Bxf4 0-1

[Event "9th Sunway Sitges 2022"]
[Site "Sitges ESP"]
[Date "2022.12.21"]
[Round "9.14"]
[White "Garcia Ramos, Daniel"]
[Black "Karthikeyan, Murali"]
[Result "0-1"]
[WhiteTitle "IM"]
[BlackTitle "GM"]
[WhiteElo "2439"]
[BlackElo "2620"]
[WhiteFideId "32010311"]
[BlackFideId "5074452"]
[EventDate "2022.??.??"]

1. d4 Nf6 2. c4 e6 3. Nf3 Nc6 4. Nc3 Bb4 5. Bd2 d5 6. e3 O-O 7. a3 Bxc3 8. Bxc3
a5 9. Qc2 b6 10. Rc1 Ba6 11. Bd2 Ne7 12. b4 axb4 13. axb4 dxc4 14. Bxc4 Bxc4 15.
Qxc4 Ne4 16. O-O c5 17. Rfd1 Nd6 18. Qc2 c4 19. b5 Rc8 20. Qb1 f6 21. e4 f5 22.
Bb4 fxe4 23. Ng5 Qd7 24. Nxe4 Nxe4 25. Qxe4 Rf7 26. Bxe7 Rxe7 27. Qe5 Qd5 28.
Re1 Qxe5 29. Rxe5 Kf7 30. f4 Rd7 31. f5 Rxd4 32. Rxe6 c3 33. Kf2 Rd2+ 34. Ke3
Rxg2 35. Rxb6 Rxh2 36. Rc6 Rxc6 37. bxc6 Rh6 38. Rxc3 Rh3+ 39. Kd4 Rxc3 40. Kxc3
Ke7 41. Kc4 Kd6 0-1

[Event "9th Sunway Sitges 2022"]
[Site "Sitges ESP"]
[Date "2022.12.21"]
[Round "9.15"]
[White "Ajay, Karthikeyan"]
[Black "Grigoryan, Karen H."]
[Result "1/2-1/2"]
[WhiteTitle "IM"]
[BlackTitle "GM"]
[WhiteElo "2430"]
[BlackElo "2619"]
[WhiteFideId "35011685"]
[BlackFideId "13301004"]
[EventDate "2022.??.??"]

1. e4 c5 2. Nf3 Nc6 3. Bb5 Nf6 4. e5 Nd5 5. O-O Nc7 6. Bxc6 dxc6 7. h3 g6 8. Re1
Bg7 9. d3 Ne6 10. a4 Nd4 11. a5 h6 12. b3 Be6 13. Bb2 Qd5 14. Nbd2 O-O 15. Ra4
Nxf3+ 16. Qxf3 Qxf3 17. Nxf3 Rfd8 18. h4 Kf8 19. g3 Ke8 20. Nd2 Rd5 21. f4 Rdd8
22. Bc3 Rab8 23. Kf2 Rd7 24. Rea1 Bd5 25. g4 f6 26. Ne4 Bxe4 27. Rxe4 Kf8 28.
Kf3 Rd5 29. h5 fxe5 30. fxe5 g5 31. Rf1 e6 32. Re2 Kg8 33. Ke4 Re8 34. Ref2 Re7
35. Ra1 Rdd7 36. Ke3 Rd5 37. Ke4 Rdd7 38. Rf3 Rd5 39. Bb2 Rdd7 40. Ke3 Rd5 41.
Ke4 Rdd7 42. Ke3 1/2-1/2

[Event "9th Sunway Sitges 2022"]
[Site "Sitges ESP"]
[Date "2022.12.21"]
[Round "9.16"]
[White "Sammed Jaykumar, Shete"]
[Black "Aryan, Chopra"]
[Result "1/2-1/2"]
[WhiteTitle "IM"]
[BlackTitle "GM"]
[WhiteElo "2430"]
[BlackElo "2618"]
[WhiteFideId "5073421"]
[BlackFideId "5084423"]
[EventDate "2022.??.??"]

1. d4 Nf6 2. c4 g6 3. Nc3 Bg7 4. e4 d6 5. f4 c5 6. dxc5 Qa5 7. Bd3 Nfd7 8. Bd2
Nxc5 9. Bc2 Nc6 10. Nd5 Qd8 11. b4 Nd7 12. Nf3 O-O 13. h4 Nb6 14. Bd3 Bg4 15.
Ne3 Bxf3 16. gxf3 Bxa1 17. Qxa1 e5 18. f5 h5 19. Kf2 Kh7 20. Qb1 Nd4 21. Bc3 Rc8
22. Qa1 a5 23. b5 Na4 24. Bxd4 exd4 25. Qxd4 Qb6 26. Qf6 Qd8 27. Qd4 Qb6 28. Qf6
Qd8 29. Qd4 1/2-1/2

[Event "9th Sunway Sitges 2022"]
[Site "Sitges ESP"]
[Date "2022.12.21"]
[Round "9.17"]
[White "Safarli, Eltaj"]
[Black "Boyer, Mahel"]
[Result "0-1"]
[WhiteTitle "GM"]
[BlackTitle "IM"]
[WhiteElo "2616"]
[BlackElo "2434"]
[WhiteFideId "13402129"]
[BlackFideId "45102422"]
[EventDate "2022.??.??"]

1. e4 c6 2. d4 d5 3. exd5 cxd5 4. c4 Nf6 5. Nc3 Nc6 6. Nf3 Bg4 7. Be3 e6 8. c5
Be7 9. Bb5 O-O 10. h3 Bh5 11. g4 Bg6 12. Bxc6 bxc6 13. Ne5 Qc7 14. h4 h5 15. Rg1
Nxg4 16. Nxg4 hxg4 17. Qxg4 Bf6 18. O-O-O Rfb8 19. Qf3 Rb4 20. h5 Bf5 21. Bf4
Qb7 22. Qe2 Rb8 23. Rd2 Rxd4 24. Bxb8 Qxb8 25. Rxd4 Bxd4 26. Qd2 Be5 27. Ne2 Qb5
28. f4 Qxc5+ 29. Kd1 Bf6 30. Rg3 Qf2 31. b4 d4 32. Ra3 Bh4 33. Kc1 d3 34. Rxd3
Bxd3 35. Qxd3 Qe1+ 36. Kc2 Qxb4 37. Qd4 Qb5 38. Nc1 Bf6 39. Qd7 Qa4+ 40. Kd2
Qxf4+ 41. Kd1 Qd4+ 42. Qxd4 Bxd4 0-1

[Event "9th Sunway Sitges 2022"]
[Site "Sitges ESP"]
[Date "2022.12.21"]
[Round "9.18"]
[White "Kraemer, Martin"]
[Black "Prraneeth, Vuppala"]
[Result "1-0"]
[WhiteTitle "GM"]
[BlackTitle "IM"]
[WhiteElo "2583"]
[BlackElo "2427"]
[WhiteFideId "4671910"]
[BlackFideId "46622373"]
[EventDate "2022.??.??"]

1. e4 e5 2. Nf3 Nc6 3. Bb5 a6 4. Ba4 Nf6 5. O-O b5 6. Bb3 Bc5 7. c3 d6 8. d4 Bb6
9. a4 Rb8 10. axb5 axb5 11. Qd3 O-O 12. Bg5 exd4 13. cxd4 h6 14. Bh4 g5 15. Bg3
Nh5 16. Nc3 Bg4 17. Nd5 Bxf3 18. Nxb6 Bxg2 19. Kxg2 Rxb6 20. Qd1 Nf4+ 21. Bxf4
gxf4 22. Kh1 Qf6 23. Rg1+ Kh8 24. Qh5 Ne7 25. Rac1 d5 26. exd5 Qf5 27. Qf3 Rg6
28. Rge1 Qg5 29. Qh3 Nf5 30. Bc2 Nxd4 31. Bxg6 fxg6 32. Re4 Nf5 33. Qc3+ Ng7 34.
Re5 Qh4 35. Qf3 g5 36. Rg1 Rd8 37. h3 Rd6 38. Kh2 b4 39. Rg2 Qh5 40. Qe4 Rf6 41.
Re7 Rf7 42. Rxf7 Qxf7 43. Rg1 Nf5 44. Rc1 Nd6 45. Qxb4 Kh7 46. Qc5 Ne8 47. Qc2+
Kg7 48. Qc3+ Kg6 49. Re1 Ng7 50. Qc2+ Kh5 51. Re5 Qf6 52. Qe2+ Kg6 53. Qe4+ Kh5
54. b4 Qb6 55. Kg2 Qf6 56. Kh2 Qb6 57. Kg1 Qf6 58. Kg2 Qf8 59. b5 Qf6 60. Kh2
Qf8 61. Re7 Qf6 62. Re5 Qb6 63. Kg2 1-0